Szczegóły MARC21

Die Judenbuche : ein Sittengemälde aus dem gebirigten Westfalen /

003 -Nazwa inst., której nr kontr. jest w polu 001 [,]
    • @
    • Nazwa instytucji, której n kontrolny jest w polu 001
    • NUKAT
005 -DATA I CZAS OSTATNIEJ MODYFIKACJI [,]
    • @
    • pole kontrolne
    • 20241231112111.0
020 -Międzynarod. znormalizowany nr książki - ISBN [ , ]
    • a
    • Numer ISBN
    • 3402032155 Find
040 -Instytucja sporządzająca opis [ , ]
    • a
    • Instytucja, która sporządziła opis (NP)
    • KR 119/IK
    • c
    • Instytucja, która sporządziła rekord (NP)
    • KR 119/IKs
942 -Rodzaj dokumentu [ , ]
    • c
    • Rodzaj dokumentu
    • Książka
100 -Hasło główne - nazwa osobowa [1, ]
    • a
    • Nazwa osobowa (NP)
    • Droste-Hülshoff, Annette von
    • d
    • Daty biograficzne (NP)
    • (1797-1848).
    • 9
    • KHW
    • 233788
240 -Tytuł ujednolicony [1,0]
    • a
    • Tytuł ujednolicony
    • Judenbuche
    • l
    • Język tekstu
    • (niem.)
    • 9
    • KHW
    • 456063
245 -Strefa tytułu i oznaczenia odpowiedzialności [1,4]
    • a
    • Tytuł
    • Die Judenbuche : Find
    • b
    • Ciąg dalszy tytułu (NP)
    • ein Sittengemälde aus dem gebirigten Westfalen / Find
    • c
    • Pozostałe elementy strefy tytułu i oznaczenia odpowiedzialności (NP)
    • Annette von Droste-Hülshoff ; Mit Holzschnitten von Hans Pape ; Hrsg. von Hans Thiekötter.
250 -Strefa wydania [ , ]
    • a
    • Oznaczenie wydania (NP)
    • 7./8. Aufl.
260 -Strefa adresu wydawniczego [ , ]
    • a
    • Miejsce wydania (P)
    • Münster :
    • b
    • Nazwa wydawcy (P)
    • Verlag Aschendorff,
    • c
    • Data wydania (P)
    • 1986.
300 -Strefa opisu fizycznego [ , ]
    • a
    • Określenie formy książki i/lub objętość (NP)
    • 98, [1] s. :
    • b
    • Oznaczenie ilustracji (NP)
    • il. ;
    • c
    • Format (NP)
    • 20 cm.
336 -Typ zawartości [ , ]
    • a
    • Termin opisujący typ zawartości
    • Tekst
    • b
    • Kod określający zawartość
    • txt
    • 2
    • Źródło (terminu i kodu)
    • rdacontent
337 -Typ mediów [ , ]
    • a
    • Tryb odtwarzania
    • Bez urządzenia pośredniczącego
    • b
    • Kod typu mediów
    • n
    • 2
    • Źródło (terminu i kodu)
    • rdamedia
338 -Typ/rodzaj nośnika [ , ]
    • a
    • Hasło opisujące typ nośnika
    • Wolumin
    • b
    • Kod typu nośnika
    • nc
    • 2
    • Źródło (terminu i kodu)
    • rdacarrier
080 -Uniwersalna Klasyfikacja Dziesiętna [ , ]
    • a
    • Symbol klasyfikacji
    • 830-32=30
655 -Hasło w funkcji tematu formalnego [ ,7]
    • a
    • Hasło
    • Nowele niemieckie
    • y
    • Określnik chronologiczny
    • 19 w.
    • 2
    • Źródło terminu
    • kaba
    • 9
    • KHW
    • 359473
980 -Symbol UKD [ , ]
    • a
    • UKD
    • 830-32=30
700 -Hasło dodatkowe - nazwa osobowa [1, ]
    • a
    • Nazwa osobowa (NP)
    • Pape, Hans Find
    • d
    • Daty biograficzne (NP)
    • (1894-1970).
    • e
    • Określenie rodzaju współpracy
    • Il.
    • 9
    • KHW
    • 633969
700 -Hasło dodatkowe - nazwa osobowa [1, ]
    • a
    • Nazwa osobowa (NP)
    • Thiekötter, Hans. Find
    • e
    • Określenie rodzaju współpracy
    • Red.
    • 9
    • KHW
    • 633968
920 -ISBN [ , ]
    • a
    • ISBN
    • 3-402-03215-5 Find
Sygnatura Lokalizacja Data inwentaryzacji Numer inwentarzowy Status udost.
Germ. Opowiadania niemieckieBM1998-09-18G.13979-3